000 00681nam a22002297a 4500
008 140126b xxu||||| |||| 00| 0 eng d
024 _cAvailable
037 _cAvailable
040 _aMBSTU Library
_dMBSTU Library
082 _222
_a340.1 FIS
100 _aFitzgerald, P.J.
245 _aSolmond on jurisprudence.
250 _a12th
260 _aDhaka
_bSweet & Maxwell.
_c1985
300 _a22 cm.
_b478 page
_f03
_g22 cm.
600 _2Philosophy and theory of law.
650 _2Philosophy and theory of law.
270 _aDhaka
_bDhaka
_dBangladesh
365 _bnone
_dNone
942 _2ddc
_cBK
999 _c926
_d926